<?xml version="1.0" encoding="UTF-8"?>
<record
    xmlns:xsi="http://www.w3.org/2001/XMLSchema-instance"
    xsi:schemaLocation="http://www.loc.gov/MARC21/slim http://www.loc.gov/standards/marcxml/schema/MARC21slim.xsd"
    xmlns="http://www.loc.gov/MARC21/slim">

  <leader>00854nam a2200265Ia 4500</leader>
  <controlfield tag="005">20220212111737.0</controlfield>
  <controlfield tag="008">210716s2009    xx            000 0 und d</controlfield>
  <datafield tag="020" ind1=" " ind2=" ">
    <subfield code="a">9788177589245</subfield>
  </datafield>
  <datafield tag="040" ind1=" " ind2=" ">
    <subfield code="c">AIMIT LIBRARY</subfield>
  </datafield>
  <datafield tag="041" ind1=" " ind2=" ">
    <subfield code="a">eng</subfield>
  </datafield>
  <datafield tag="082" ind1=" " ind2=" ">
    <subfield code="a">519.5 </subfield>
    <subfield code="2">4</subfield>
    <subfield code="b">LEVD</subfield>
  </datafield>
  <datafield tag="100" ind1=" " ind2=" ">
    <subfield code="a">Levine, David M.</subfield>
    <subfield code="9">19537</subfield>
  </datafield>
  <datafield tag="245" ind1=" " ind2=" ">
    <subfield code="a">Business statistics: </subfield>
    <subfield code="b">a first course /</subfield>
    <subfield code="c">By David M Levine ... [et. al.]</subfield>
  </datafield>
  <datafield tag="250" ind1=" " ind2=" ">
    <subfield code="a">4th ed.</subfield>
  </datafield>
  <datafield tag="260" ind1=" " ind2=" ">
    <subfield code="a">New Delhi :</subfield>
    <subfield code="b">Pearson Education ,</subfield>
    <subfield code="c">2009.</subfield>
  </datafield>
  <datafield tag="300" ind1=" " ind2=" ">
    <subfield code="a">xxv,677p, ;</subfield>
    <subfield code="c">27.5 cm.</subfield>
  </datafield>
  <datafield tag="650" ind1=" " ind2=" ">
    <subfield code="a">Presenting data in tables and charts</subfield>
    <subfield code="9">19538</subfield>
  </datafield>
  <datafield tag="650" ind1=" " ind2=" ">
    <subfield code="a">Basic probability</subfield>
    <subfield code="9">19539</subfield>
  </datafield>
  <datafield tag="650" ind1=" " ind2=" ">
    <subfield code="a">Sampling distributions</subfield>
    <subfield code="9">19540</subfield>
  </datafield>
  <datafield tag="650" ind1=" " ind2=" ">
    <subfield code="a">Chi   square tests</subfield>
    <subfield code="9">19541</subfield>
  </datafield>
  <datafield tag="700" ind1=" " ind2=" ">
    <subfield code="a">Krehbiel, Tinothy C.</subfield>
    <subfield code="9">19542</subfield>
  </datafield>
  <datafield tag="700" ind1=" " ind2=" ">
    <subfield code="a">Berenson, Mark L.</subfield>
    <subfield code="9">19543</subfield>
  </datafield>
  <datafield tag="700" ind1=" " ind2=" ">
    <subfield code="a">Viswanathan, P K.</subfield>
    <subfield code="9">19544</subfield>
  </datafield>
  <datafield tag="942" ind1=" " ind2=" ">
    <subfield code="2">ddc</subfield>
    <subfield code="c">BK</subfield>
    <subfield code="e">4th</subfield>
    <subfield code="k">519.5 LEVD</subfield>
  </datafield>
  <datafield tag="999" ind1=" " ind2=" ">
    <subfield code="c">204500</subfield>
    <subfield code="d">204500</subfield>
  </datafield>
  <datafield tag="952" ind1=" " ind2=" ">
    <subfield code="0">0</subfield>
    <subfield code="1">0</subfield>
    <subfield code="2">ddc</subfield>
    <subfield code="4">0</subfield>
    <subfield code="7">0</subfield>
    <subfield code="8">MBA</subfield>
    <subfield code="a">AIMIT</subfield>
    <subfield code="b">AIMIT</subfield>
    <subfield code="d">2009-11-09</subfield>
    <subfield code="g">475.00</subfield>
    <subfield code="i">Bill no:9992; Bill dt:2009-11-06</subfield>
    <subfield code="l">0</subfield>
    <subfield code="o">519.5 LEVD</subfield>
    <subfield code="p">MBA07066</subfield>
    <subfield code="r">2026-05-23 00:00:00</subfield>
    <subfield code="v">356.25</subfield>
    <subfield code="w">2021-07-16</subfield>
    <subfield code="y">BK</subfield>
  </datafield>
  <datafield tag="952" ind1=" " ind2=" ">
    <subfield code="0">0</subfield>
    <subfield code="1">0</subfield>
    <subfield code="2">ddc</subfield>
    <subfield code="4">0</subfield>
    <subfield code="7">0</subfield>
    <subfield code="8">MBA</subfield>
    <subfield code="a">AIMIT</subfield>
    <subfield code="b">AIMIT</subfield>
    <subfield code="d">2009-11-09</subfield>
    <subfield code="g">475.00</subfield>
    <subfield code="i">Bill no:9992; Bill dt:2009-11-06</subfield>
    <subfield code="l">0</subfield>
    <subfield code="o">519.5 LEVD</subfield>
    <subfield code="p">MBA07067</subfield>
    <subfield code="r">2026-05-23 00:00:00</subfield>
    <subfield code="v">356.25</subfield>
    <subfield code="w">2021-07-16</subfield>
    <subfield code="y">BK</subfield>
  </datafield>
  <datafield tag="952" ind1=" " ind2=" ">
    <subfield code="0">0</subfield>
    <subfield code="1">0</subfield>
    <subfield code="2">ddc</subfield>
    <subfield code="4">0</subfield>
    <subfield code="7">3</subfield>
    <subfield code="8">MBA</subfield>
    <subfield code="a">AIMIT</subfield>
    <subfield code="b">AIMIT</subfield>
    <subfield code="d">2009-11-09</subfield>
    <subfield code="g">475.00</subfield>
    <subfield code="i">Bill no:9992; Bill dt:2009-11-06</subfield>
    <subfield code="l">0</subfield>
    <subfield code="o">519.5 LEVD</subfield>
    <subfield code="p">MBA07068</subfield>
    <subfield code="r">2025-07-21 00:00:00</subfield>
    <subfield code="v">356.25</subfield>
    <subfield code="w">2021-07-16</subfield>
    <subfield code="y">BK</subfield>
  </datafield>
  <datafield tag="952" ind1=" " ind2=" ">
    <subfield code="0">0</subfield>
    <subfield code="1">0</subfield>
    <subfield code="2">ddc</subfield>
    <subfield code="4">0</subfield>
    <subfield code="7">0</subfield>
    <subfield code="8">MBA</subfield>
    <subfield code="a">AIMIT</subfield>
    <subfield code="b">AIMIT</subfield>
    <subfield code="d">2009-11-09</subfield>
    <subfield code="g">475.00</subfield>
    <subfield code="i">Bill no:9992; Bill dt:2009-11-06</subfield>
    <subfield code="l">0</subfield>
    <subfield code="o">519.5 LEVD</subfield>
    <subfield code="p">MBA07069</subfield>
    <subfield code="r">2026-05-23 00:00:00</subfield>
    <subfield code="v">356.25</subfield>
    <subfield code="w">2021-07-16</subfield>
    <subfield code="y">BK</subfield>
  </datafield>
</record>
